[Event "CZE-chT2C 2223"]
[Site "Czech Republic"]
[Date "2022.12.04"]
[Round "4.4"]
[White "Pors, Jaroslav"]
[Black "Netusil, Miloslav"]
[Result "1-0"]
[WhiteElo "2116"]
[BlackElo "2156"]
[PlyCount "65"]
[EventDate "2022.10.16"]
[EventType "team-tourn"]
[EventRounds "11"]
[EventCountry "CZE"]
[SourceTitle "EXT 2024"]
[Source "ChessBase"]
[SourceDate "2023.10.10"]
[SourceVersion "1"]
[SourceVersionDate "2023.10.10"]
[SourceQuality "1"]
[WhiteTeam "Turnov Zikuda II"]
[BlackTeam "Vysehrad"]
[WhiteTeamCountry "CZE"]
[BlackTeamCountry "CZE"]

1. d4 d5 2. c4 e6 3. Nf3 Nf6 4. Nc3 Bb4 5. Qa4+ Nc6 6. e3 0-0 7. Bd2 Re8 8. Rd1 dxc4 9. Bxc4 a6 10. 0-0 Bd7 11. Qc2 b5 12. Bd3 Rb8 13. a3 Bd6 14. Ne4 h6 15. Nc5 Rb6 16. e4 e5 17. d5 Nd4 18. Nxd4 exd4 19. b4 c6 20. f4 Bf8 21. d6 Bc8 22. Rde1 Nd7 23. e5 Rb8 24. Qb2 Nxc5 25. bxc5 Qh4 26. Qxd4 Be6 27. Be4 Rec8 28. f5 Ba2 29. f6 Kh8 30. Re3 Be6 31. Rg3 g5 32. Qe3 Qh5 33. Bb1 1-0

[Event "CZE-ch Betsys Online Blitz"]
[Site "Chess.com INT"]
[Date "2021.04.17"]
[Round "5"]
[White "Netusil, Miloslav"]
[Black "Kalod, Michal2222"]
[Result "0-1"]
[WhiteElo "2146"]
[BlackElo "1816"]
[PlyCount "98"]
[EventDate "2021.04.17"]
[EventType "swiss (blitz)"]
[EventRounds "13"]
[EventCountry "CZE"]
[SourceTitle "CBM 201 Extra"]
[Source "ChessBase"]
[SourceDate "2021.05.31"]
[SourceVersion "1"]
[SourceVersionDate "2021.05.31"]
[SourceQuality "1"]

1. e4 a6 2. Nf3 b5 3. d3 Bb7 4. Be2 e6 5. 0-0 c5 6. a4 b4 7. Nbd2 Nf6 8. c3 Nc6 9. d4 Qc7 10. Re1 bxc3 11. bxc3 cxd4 12. cxd4 Ng4 13. e5 Bb4 14. Rb1 h5 15. h3 Nh6 16. Qc2 Ba5 17. Ba3 Nf5 18. Qb2 Rb8 19. Bd3 Ba8 20. Qa1 Rxb1 21. Qxb1 Ncxd4 22. Nxd4 Nxd4 23. Bd6 Qb7 24. Qxb7 Bxb7 25. Rb1 Bc8 26. Nc4 Bd8 27. Rb8 Nc6 28. Be4 Nxb8 29. Bxb8 Ke7 30. Bd6+ Ke8 31. Ba3 Be7 32. Bb2 Kf8 33. Nb6 f5 34. Bf3 Kf7 35. Bxh5+ g6 36. Bf3 g5 37. g3 Kg7 38. Kg2 Kg6 39. h4 gxh4 40. gxh4 Rg8 41. Kf1 Bxh4 42. Bd4 Kh6 43. Be3+ Bg5 44. Bd4 f4 45. Nc4 Be7 46. Nd2 Rg7 47. Ke2 Rg8 48. Nc4 Rg7 49. Nb6 Rg8 0-1

[Event "CZE-ch Betsys Online Blitz"]
[Site "Chess.com INT"]
[Date "2021.04.17"]
[Round "3"]
[White "Netusil, Miloslav"]
[Black "Mrazek, Roman1111"]
[Result "1-0"]
[WhiteElo "2146"]
[BlackElo "1563"]
[PlyCount "107"]
[EventDate "2021.04.17"]
[EventType "swiss (blitz)"]
[EventRounds "13"]
[EventCountry "CZE"]
[SourceTitle "CBM 201 Extra"]
[Source "ChessBase"]
[SourceDate "2021.05.31"]
[SourceVersion "1"]
[SourceVersionDate "2021.05.31"]
[SourceQuality "1"]

1. e4 c5 2. Nf3 d6 3. d4 cxd4 4. Nxd4 Nf6 5. Nc3 g6 6. f4 Nc6 7. Nxc6 bxc6 8. e5 dxe5 9. Qxd8+ Kxd8 10. fxe5 Nd5 11. Nxd5 cxd5 12. Bf4 e6 13. 0-0-0 Bb7 14. Kb1 Bc5 15. c4 Kc7 16. cxd5 Bxd5 17. Rc1 Kb6 18. h4 Rac8 19. Rh3 Be7 20. Be3+ Kb7 21. a3 h5 22. Bg5 Bxg5 23. hxg5 Be4+ 24. Bd3 Bxg2 25. Rh2 Bd5 26. Rxc8 Rxc8 27. Rf2 Rc7 28. Rf4 Kb6 29. b4 Rc3 30. Bc2 Rc7 31. Kb2 Kb7 32. a4 Kc8 33. Bd3 Kd8 34. a5 Rb7 35. Ka3 Ke8 36. b5 Rc7 37. Kb4 Rc1 38. b6 axb6 39. axb6 Rb1+ 40. Kc5 Rc1+ 41. Kd4 Rc6 42. Bb5 Kd7 43. Rxf7+ Kc8 44. Bxc6 Bxc6 45. Kc5 Bd5 46. Rg7 Be4 47. b7+ Bxb7 48. Rxg6 Bd5 49. Rh6 Bf3 50. Rh7 Bg4 51. Kd6 Kb8 52. g6 Bf5 53. Rh8+ Kb7 54. g7 1-0

[Event "CZE-chT1W 1920"]
[Site "Czech Republic"]
[Date "2020.01.05"]
[Round "5.2"]
[White "Netusil, Miloslav"]
[Black "Jun, Rudolf Jr"]
[Result "1/2-1/2"]
[WhiteElo "2170"]
[BlackElo "2105"]
[PlyCount "140"]
[EventDate "2019.10.20"]
[EventType "team-tourn"]
[EventRounds "11"]
[EventCountry "CZE"]
[SourceTitle "CBM 194 Extra"]
[Source "ChessBase"]
[SourceDate "2020.03.31"]
[SourceVersion "1"]
[SourceVersionDate "2020.03.31"]
[SourceQuality "1"]
[WhiteTeam "Vysehrad"]
[BlackTeam "Vlasim Spartak"]
[WhiteTeamCountry "CZE"]
[BlackTeamCountry "CZE"]

1. e4 c5 2. c3 d5 3. exd5 Qxd5 4. d4 cxd4 5. cxd4 e5 6. Nf3 exd4 7. Qxd4 Qxd4 8. Nxd4 a6 9. Bc4 Bc5 10. Nb3 Bb4+ 11. Ke2 Nf6 12. a3 Be7 13. Nc3 0-0 14. Nd5 Nxd5 15. Bxd5 Nc6 16. Rd1 Bf5 17. Bxc6 bxc6 18. Nd4 Be4 19. f3 Bd5 20. Bd2 Rfe8 21. Kf2 Bc5 22. Be3 a5 23. Rac1 Bxd4 24. Bxd4 Re6 25. Re1 Rae8 26. Rxe6 Rxe6 27. Rc5 a4 28. Ra5 c5 29. Rxc5 Bc6 30. Rc3 f6 31. b4 axb3 32. Rxb3 Kf7 33. g4 Kg6 34. Rc3 h5 35. h3 hxg4 36. hxg4 Kf7 37. Rc4 Bd5 38. Rc7+ Re7 39. Rc5 Bb3 40. Kg3 Rd7 41. Rb5 Rxd4 42. Rxb3 Ra4 43. Kf2 g5 44. Re3 f5 45. gxf5 Kf6 46. Ke2 Kxf5 47. Kd2 Kf4 48. Rb3 Ra8 49. Kc2 Rc8+ 50. Kb2 Ra8 51. Ka2 Ra7 52. Kb2 Ra8 53. Kc2 Rc8+ 54. Kd2 Ra8 55. Ke2 Kf5 56. Ke3 Ra4 57. Kf2 Ra8 58. Ke1 Kf4 59. Kd2 Kf5 60. Kc3 Ra4 61. Kb2 Kf4 62. Rd3 Ra8 63. Kb3 Rb8+ 64. Kc4 Rc8+ 65. Kb5 Rb8+ 66. Kc6 Ra8 67. Kb6 Kf5 68. Kb5 Rb8+ 69. Ka6 Ra8+ 70. Kb7 Ra4 1/2-1/2

[Event "Prague Menchik Memorial rapid"]
[Site "Prague"]
[Date "2019.06.09"]
[Round "2"]
[White "Koper, Stefan"]
[Black "Netusil, Miloslav"]
[Result "0-1"]
[WhiteElo "1925"]
[BlackElo "2189"]
[PlyCount "116"]
[EventDate "2019.06.09"]
[EventType "swiss (rapid)"]
[EventRounds "9"]
[EventCountry "CSR"]
[SourceTitle "CBM 190 Extra"]
[Source "ChessBase"]
[SourceDate "2019.07.15"]
[SourceVersion "1"]
[SourceVersionDate "2019.07.15"]
[SourceQuality "1"]

1. d4 Nf6 2. c4 e5 3. d5 Bc5 4. e3 d6 5. Nc3 c6 6. Nge2 cxd5 7. cxd5 a6 8. Ng3 0-0 9. Bd3 b5 10. a3 Ba7 11. Nce4 Nxe4 12. Bxe4 Nd7 13. 0-0 Nf6 14. Bf5 g6 15. Bxc8 Rxc8 16. e4 Nd7 17. b4 Qh4 18. a4 Bd4 19. Rb1 Nf6 20. Be3 Ng4 21. h3 Nxe3 22. fxe3 Bxe3+ 23. Kh2 Bf4 24. Rf3 Bxg3+ 25. Rxg3 Qxe4 26. axb5 axb5 27. Rbb3 Rc4 28. Rg4 Qc2 29. Qxc2 Rxc2 30. Ra3 Rd2 31. h4 h5 32. Rgg3 Rxd5 33. Ra7 Rd4 34. Rb3 Rxh4+ 35. Kg3 Rd4 36. Rb7 Rd5 37. Ra3 g5 38. Kf3 Kg7 39. g3 Kg6 40. Ra6 Kf5 41. Rab6 f6 42. Rxb5 Rd3+ 43. Kf2 g4 44. Rh7 Ra8 45. Ra5 Rxa5 46. bxa5 Ra3 47. Rxh5+ Ke4 48. Rh6 Ra2+ 49. Kf1 f5 50. Rxd6 Rxa5 51. Rb6 f4 52. Rb4+ Kf5 53. Rb8 Ra3 54. Rf8+ Ke4 55. gxf4 exf4 56. Kf2 Ra2+ 57. Kg1 Kf3 58. Rb8 Ra1+ 0-1

[Event "CZE-chT1W 1819"]
[Site "Czech Republic"]
[Date "2019.01.20"]
[Round "6.8"]
[White "Nosek, Jan"]
[Black "Netusil, Miloslav"]
[Result "1-0"]
[WhiteElo "1975"]
[BlackElo "2234"]
[PlyCount "181"]
[EventDate "2018.10.21"]
[EventType "team-tourn"]
[EventRounds "11"]
[EventCountry "CZE"]
[SourceTitle "CBM 188 Extra"]
[Source "ChessBase"]
[SourceDate "2019.02.26"]
[SourceVersion "1"]
[SourceVersionDate "2019.02.26"]
[SourceQuality "1"]
[WhiteTeam "Hradec Kralove"]
[BlackTeam "Vysehrad"]
[WhiteTeamCountry "CZE"]
[BlackTeamCountry "CZE"]

1. e4 e6 2. d4 d5 3. Nd2 Ne7 4. Ngf3 Ng6 5. g3 c5 6. exd5 exd5 7. Bg2 Qe7+ 8. Qe2 Bf5 9. Qxe7+ Bxe7 10. dxc5 Bxc5 11. Nb3 Bb6 12. Nfd4 Be6 13. f4 Nc6 14. Be3 0-0-0 15. Nxe6 fxe6 16. Bxb6 axb6 17. 0-0-0 Kc7 18. Rhe1 Rde8 19. Nd4 Nxd4 20. Rxd4 Rhf8 21. h4 Kd6 22. Rd3 Rf6 23. Bxd5 Kc7 24. Be4 Nf8 25. Rc3+ Kb8 26. Rd1 h6 27. Rcd3 Kc7 28. Rc3+ Kb8 29. Rb3 Kc7 30. Rd4 e5 31. Rc4+ Kb8 32. fxe5 Rxe5 33. Rbc3 b5 34. Rc8+ Ka7 35. Bf3 b4 36. Rd3 Ne6 37. Kd2 g5 38. h5 g4 39. Bxg4 Nc5 40. Rd4 Rf1 41. Rxb4 Rf2+ 42. Kc3 Rg2 43. Kd4 Rg5 44. Bf3 Rd2+ 45. Kc3 Rd7 46. g4 Re5 47. Rf4 Re3+ 48. Kc4 Ne6 49. Rf5 Rd4+ 50. Kb5 Rd2 51. Ka4 Nd4 52. Ra5+ Kb6 53. c4 Rc3 54. c5+ Rxc5 55. Raxc5 Nxf3 56. Rc2 Rd5 57. R8c4 Ne5 58. Rb4+ Ka6 59. Kb3 Nd3 60. Rbc4 b6 61. a3 Rg5 62. Ka2 Ne5 63. Re4 Kb7 64. Rf2 Nd3 65. Rf7+ Ka6 66. Rf5 Rg7 67. Ra4+ Kb7 68. Rd4 Nc1+ 69. Kb1 Rc7 70. Rd2 Nb3 71. Rdf2 Ka6 72. Rf6 Rc4 73. Rxh6 Rxg4 74. Kc2 Nd4+ 75. Kb1 Ka5 76. Ka2 Rh4 77. Rff6 Rh2 78. Rxb6 Ne2 79. Ra6+ Kb5 80. Rab6+ Ka5 81. b4+ Ka4 82. Ra6+ Kb5 83. Ra5+ Kc4 84. Rc5+ Kd3 85. Kb3 Rh3 86. Rd6+ Ke4+ 87. Ka4 Nf4 88. h6 Nd3 89. Rc4+ Ke5 90. Rxd3 Rxd3 91. Rh4 1-0